[Event "Vezerkepzo GM March 2022"]
[Site "Budapest"]
[Date "2022.03.21"]
[Round "4.5"]
[White "Vantika Agrawal"]
[Black "Varga, Zoltan"]
[Result "1-0"]
[WhiteElo "2381"]
[BlackElo "2390"]
[Annotator "NA"]
[PlyCount "106"]
[EventDate "2022.03.17"]
[EventType "tourn"]
[EventCountry "HUN"]
[SourceTitle "playchess.com"]
[Source "ChessBase"]
[SourceQuality "1"]
[TimeControl "40/5400+30:1800+30"]

1. d4 {[%emt 0:01:12]} f5 {[%emt 0:03:42]} 2. Nf3 {[%emt 0:01:38]} Nf6 {[%emt 0:00:08]} 3. g3 {[%emt 0:00:13]} e6 {[%emt 0:00:06]} 4. Bg2 {[%emt 0:00:07]} d5 {[%emt 0:00:04]} 5. O-O {[%emt 0:00:38]} Bd6 {[%emt 0:00:04]} 6. c4 {[%emt 0:00:12]} O-O {[%emt 0:00:09]} 7. b3 {[%emt 0:05:53]} b6 {[%emt 0:01:11]} 8. Ba3 {[%emt 0:13:10]} Bb7 {[%emt 0:13:52]} 9. Qc1 {[%emt 0:15:12]} a5 {[%emt 0:05:15]} 10. c5 {[%emt 0:12:11]} Be7 {[%emt 0:05:43]} 11. Ne5 {[%emt 0:01:56]} Na6 $16 {[%emt 0:12:59]} (11... bxc5 $11 12. Bxc5 Bd6) 12. Nd3 {[%emt 0:19:40]} bxc5 {[%emt 0:10:50]} 13. Nxc5 {[%emt 0:06:09]} Nxc5 {[%emt 0:00:24]} 14. Bxc5 {[%emt 0:00:15]} Ba6 {[%emt 0:00:24]} 15. Qe3 {[%emt 0:03:40]} Ne4 {[%emt 0:05:50]} 16. Bxe7 {[%emt 0:02:13]} Qxe7 {[%emt 0:01:43]} 17. f3 {[%emt 0:05:24]} f4 {[%emt 0:05:09]} 18. gxf4 {[%emt 0:00:37]} Nd6 {[%emt 0:00:02]} 19. Bh3 {[%emt 0:01:33]} Rae8 {[%emt 0:00:10]} 20. Nc3 {[%emt 0:01:48]} Kh8 {[%emt 0:02:37]} 21. Qf2 {[%emt 0:02:43]} Rxf4 {[%emt 0:00:09]} 22. Kh1 {[%emt 0:00:44]} Qh4 {[%emt 0:01:32]} 23. Kg2 {[%emt 0:03:44]} Rxd4 {[%emt 0:00:41]} 24. Qxh4 {[%emt 0:00:09]} Rxh4 {[%emt 0:00:05]} 25. Rfe1 {[%emt 0:01:11]} g5 {[%emt 0:01:23]} 26. Kg3 {[%emt 0:00:42]} d4 {[%emt 0:01:59]} 27. Na4 {[%emt 0:00:19]} Nf5+ {[%emt 0:00:05]} 28. Bxf5 {[%emt 0:00:09]} exf5 {[%emt 0:00:02]} 29. Rac1 {[%emt 0:01:05]} Bxe2 {[%emt 0:00:09]} 30. Nc5 {[%emt 0:00:28]} Re3 {[%emt 0:02:23]} 31. Rc2 {[%emt 0:00:32]} d3 {[%emt 0:01:40]} 32. Nxd3 {[%emt 0:00:30]} Bxd3 {[%emt 0:05:12]} 33. Rxe3 {[%emt 0:00:32]} Bxc2 {[%emt 0:00:28]} 34. Re8+ {[%emt 0:00:21]} Kg7 {[%emt 0:00:06]} 35. Re7+ {[%emt 0:00:04]} Kf6 {[%emt 0:00:03]} 36. Rxc7 {[%emt 0:00:06]} Bb1 {[%emt 0:00:24]} 37. Rc6+ {[%emt 0:00:58]} Ke7 {[%emt 0:00:07]} 38. a3 {[%emt 0:00:53]} Rd4 {[%emt 0:02:52]} 39. Rc5 {[%emt 0:00:21]} h5 {[%emt 0:00:46]} 40. Rxa5 {[%emt 0:00:00]} h4+ {[%emt 0:00:00]} 41. Kf2 {[%emt 0:06:44]} Rd2+ {[%emt 0:02:26]} 42. Ke3 {[%emt 0:03:48]} Rxh2 {[%emt 0:00:07]} 43. Ra7+ {[%emt 0:00:05]} Kf6 {[%emt 0:00:07]} 44. Ra6+ {[%emt 0:00:59]} Kg7 {[%emt 0:00:51]} 45. Ra7+ {[%emt 0:00:48]} Kg6 {[%emt 0:00:10]} 46. Ra6+ {[%emt 0:00:27]} Kh5 {[%emt 0:00:07]} 47. Ra8 {[%emt 0:00:54]} h3 {[%emt 0:00:46]} 48. Rh8+ {[%emt 0:00:47]} Kg6 {[%emt 0:00:10]} 49. b4 {[%emt 0:00:37]} Kg7 {[%emt 0:00:56]} 50. Rh5 {[%emt 0:00:19]} f4+ {[%emt 0:00:07]} 51. Kd4 {[%emt 0:00:03]} Bg6 {[%emt 0:01:51]} 52. Rxg5 {[%emt 0:00:25]} Rg2 {[%emt 0:00:05]} 53. Rc5 {[%emt 0:01:45]} h2 {[%emt 0:01:57]} 1-0

[Event "Vezerkepzo GM March 2022"]
[Site "Budapest"]
[Date "2022.03.22"]
[Round "5.1"]
[White "Varga, Zoltan"]
[Black "Ilincic, Zlatko"]
[Result "1/2-1/2"]
[WhiteElo "2390"]
[BlackElo "2331"]
[Annotator "TA"]
[PlyCount "31"]
[EventDate "2022.03.17"]
[EventType "tourn"]
[EventCountry "HUN"]
[SourceTitle "playchess.com"]
[Source "ChessBase"]
[SourceQuality "1"]

{[%evp 18,31,-25,-35,-12,-49,-42,-52,-48,-53,0,-61,-64,-67,-66,-102]} 1. Nf3 Nf6 2. g3 c5 3. Bg2 Nc6 4. c4 d5 5. cxd5 Nxd5 6. O-O e5 7. Nc3 Nc7 8. d3 Be7 9. b3 O-O 10. Bb2 Be6 {A34: Symmetrical English: 2 Nc3, lines with ...d5.} 11. Qd2 Rc8 (11... Qd7 {keeps more tension.} 12. Ng5 Bg4 13. f3 Bh5 14. f4 exf4 15. Qxf4 h6) 12. Rac1 b6 {[#]} 13. Rfd1 $146 ({Predecessor:} 13. Nd1 f6 14. Ne3 Qd7 15. Rfd1 Nb4 16. Bc3 Nbd5 17. Bb2 Nb5 18. Nc4 Rc7 19. e3 {1-0 (44) Stulikov,V (2103)-Kiselyov,S (2101) Irkutsk 2008}) 13... f6 (13... Qd7 $15) 14. Qc2 (14. e3 $11) 14... Qd7 15. Qb1 Rfd8 16. Qa1 {Weighted Error Value: White=0.27 (precise) /Black=0.13 (very precise)} 1/2-1/2

[Event "Vezerkepzo GM March 2022"]
[Site "Budapest"]
[Date "2022.03.22"]
[Round "5.3"]
[White "Csiki, Endre"]
[Black "Prraneeth Vuppala"]
[Result "1/2-1/2"]
[WhiteElo "2320"]
[BlackElo "2400"]
[Annotator "NA"]
[PlyCount "63"]
[EventDate "2022.03.17"]
[EventType "tourn"]
[EventCountry "HUN"]
[SourceTitle "playchess.com"]
[Source "ChessBase"]
[SourceQuality "1"]
[TimeControl "40/5400+30:1800+30"]

1. e4 {[%emt 0:02:44]} e5 {[%emt 0:00:28]} 2. Nf3 {[%emt 0:00:04]} Nc6 {[%emt 0:00:06]} 3. Nc3 {[%emt 0:00:03]} Nf6 {[%emt 0:00:26]} 4. d4 {[%emt 0:00:02]} exd4 {[%emt 0:00:38]} 5. Nxd4 {[%emt 0:00:05]} Bb4 {[%emt 0:00:29]} 6. Nxc6 {[%emt 0:00:20]} bxc6 {[%emt 0:00:07]} 7. Bd3 {[%emt 0:00:04]} d5 {[%emt 0:00:07]} 8. Bd2 {[%emt 0:00:03]} O-O {[%emt 0:02:29]} 9. O-O {[%emt 0:00:16]} Rb8 {[%emt 0:00:20]} 10. Re1 {[%emt 0:00:54]} Re8 {[%emt 0:00:12]} 11. a3 {[%emt 0:00:07]} Bg4 {[%emt 0:02:02]} 12. f3 {[%emt 0:13:19]} Bc5+ {[%emt 0:01:45]} 13. Kh1 {[%emt 0:00:05]} Bh5 {[%emt 0:00:09]} 14. Bg5 {[%emt 0:14:34]} Bg6 $11 {[%emt 0:26:02]} (14... Rxb2 $2 15. e5 $18 (15. Na4 dxe4 16. Nxb2 exd3 $16)) 15. exd5 {[%emt 0:14:47]} Rxe1+ {[%emt 0:20:43]} 16. Qxe1 {[%emt 0:00:17]} cxd5 {[%emt 0:00:20]} 17. Bxg6 {[%emt 0:09:17]} hxg6 {[%emt 0:00:33]} 18. Rd1 {[%emt 0:03:18]} c6 {[%emt 0:05:43]} 19. b4 {[%emt 0:01:54]} Be7 {[%emt 0:01:35]} 20. Ne2 {[%emt 0:04:39]} Nd7 {[%emt 0:16:57]} 21. Bxe7 {[%emt 0:06:11]} Qxe7 {[%emt 0:00:02]} 22. Nf4 {[%emt 0:08:51]} Ne5 {[%emt 0:13:33]} 23. Nd3 {[%emt 0:01:04]} Re8 {[%emt 0:00:07]} 24. Qxe5 {[%emt 0:01:25]} Qxe5 {[%emt 0:00:06]} 25. Nxe5 {[%emt 0:00:02]} Rxe5 {[%emt 0:00:07]} 26. Kg1 {[%emt 0:00:29]} Re2 {[%emt 0:05:46]} 27. c4 {[%emt 0:02:11]} dxc4 {[%emt 0:00:44]} 28. Rc1 {[%emt 0:00:16]} Ra2 {[%emt 0:00:41]} 29. Rxc4 {[%emt 0:00:05]} Rxa3 {[%emt 0:00:03]} 30. Rxc6 {[%emt 0:00:05]} Rb3 {[%emt 0:00:28]} 31. Ra6 {[%emt 0:00:13]} Rxb4 {[%emt 0:00:03]} 32. Rxa7 {[%emt 0:00:04]} 1/2-1/2

[Event "Vezerkepzo GM March 2022"]
[Site "Budapest"]
[Date "2022.03.22"]
[Round "5.4"]
[White "Seres, Lajos"]
[Black "Pranav Anand"]
[Result "0-1"]
[WhiteElo "2387"]
[BlackElo "2436"]
[Annotator "ChessBase"]
[PlyCount "56"]
[EventDate "2022.03.17"]
[EventType "tourn"]
[EventCountry "HUN"]
[SourceTitle "playchess.com"]
[Source "ChessBase"]
[SourceQuality "1"]
[TimeControl "40/5400+30:1800+30"]

1. e4 {[%emt 0:00:05]} c5 {[%emt 0:00:08]} 2. Nf3 {[%emt 0:00:04]} Nc6 {[%emt 0:00:04]} 3. d4 {[%emt 0:01:04]} cxd4 {[%emt 0:00:04]} 4. Nxd4 {[%emt 0:00:03]} Nf6 {[%emt 0:00:05]} 5. Nc3 {[%emt 0:00:05]} d6 {[%emt 0:00:02]} 6. Bg5 {[%emt 0:00:12]} e6 {[%emt 0:00:05]} 7. Qd2 {[%emt 0:00:26]} a6 {[%emt 0:00:04]} 8. O-O-O {[%emt 0:00:39]} Bd7 {[%emt 0:00:04]} 9. f3 {[%emt 0:03:41]} Nxd4 {[%emt 0:00:04]} 10. Qxd4 {[%emt 0:00:04]} Be7 {[%emt 0:00:03]} 11. h4 {[%emt 0:03:07]} Qc7 {[%emt 0:07:03]} 12. Kb1 {[%emt 0:00:44]} b5 {[%emt 0:07:35]} 13. g4 {[%emt 0:03:03]} h5 {[%emt 0:15:20]} 14. gxh5 {[%emt 0:02:46]} Nxh5 {[%emt 0:00:02]} 15. Bxe7 {[%emt 0:18:16]} Kxe7 {[%emt 0:00:02]} 16. e5 {[%emt 0:00:18]} dxe5 {[%emt 0:11:31]} 17. Qb4+ {[%emt 0:00:07]} Ke8 {[%emt 0:00:03]} 18. Ne4 {[%emt 0:00:29]} a5 {[%emt 0:02:48]} 19. Nd6+ {[%emt 0:05:12]} Kf8 {[%emt 0:00:14]} 20. Qe1 {[%emt 0:32:05]} Bc6 {[%emt 0:08:21]} 21. Qc3 {[%emt 0:11:48]} Qb6 {[%emt 0:12:05]} 22. Bxb5 {[%emt 0:08:22]} Bxb5 {[%emt 0:00:05]} 23. Qb3 {[%emt 0:03:33]} Ng3 {[%emt 0:04:45]} 24. Rh3 {[%emt 0:03:21]} Rd8 {[%emt 0:01:38]} 25. Qa3 {[%emt 0:02:38]} Kg8 {[%emt 0:00:38]} 26. Rxg3 {[%emt 0:00:21]} Rxh4 {[%emt 0:00:06]} 27. c4 {[%emt 0:00:49]} Bxc4 {[%emt 0:01:01]} 28. Rg2 {[%emt 0:00:32]} Rd4 {[%emt 0:02:17]} 0-1

[Event "Vezerkepzo GM March 2022"]
[Site "Budapest"]
[Date "2022.03.22"]
[Round "5.5"]
[White "Kulkarni Bhakti"]
[Black "Rathanvel, V S"]
[Result "0-1"]
[WhiteElo "2388"]
[BlackElo "2477"]
[Annotator "TA"]
[PlyCount "68"]
[EventDate "2022.03.17"]
[EventType "tourn"]
[EventCountry "HUN"]
[SourceTitle "playchess.com"]
[Source "ChessBase"]
[SourceQuality "1"]

{[%evp 13,68,-3,0,14,-2,-24,50,-3,-16,9,44,45,56,43,64,9,22,14,45,38,53,0,53,0,51,41,38,36,29,35,42,33,33,35,24,32,39,29,34,0,0,0,0,-273,-268,-563,-560,-545,-550,-522,-337,-282,-283,-5535,-5035,-29997,-29998]} 1. d4 Nf6 2. c4 e6 3. Nc3 d5 4. Nf3 dxc4 5. Qa4+ c6 6. Qxc4 b5 7. Qd3 Bb7 8. e4 {D43: Semi-Slav: 5 Bg5 h6.} a6 9. Bg5 {[#]} Qa5 $146 (9... c5 $11) ({Predecessor:} 9... h6 10. Bh4 c5 11. d5 g5 12. Bg3 exd5 13. exd5 Bg7 14. O-O-O O-O 15. h4 g4 {0-1 (33) Indjic,A (2629)-Niemann,H (2609) Vrnjacka Banja 2021}) 10. Bd2 (10. Be2 $14) 10... b4 $11 11. e5 $1 bxc3 12. Bxc3 Qd5 {Threatens to win with ...Ne4.} 13. exf6 gxf6 14. b4 (14. Be2 $14) 14... Rg8 15. Nd2 a5 16. bxa5 (16. Qxh7 {[#]} axb4 $1 17. Bb2 (17. Qxg8 $2 bxc3 18. Nc4 c2 $19) 17... Rg6 $17) 16... c5 17. Rb1 (17. dxc5 $1 $14 Nd7 18. Qxd5 (18. Qxh7 Rxg2 19. Qd3 Rxf2 $11) 18... Bxd5 19. Nb3 (19. Bb5 Bxc5 20. Rg1 Ke7 $11)) 17... Nd7 ({Black should play} 17... Rxg2 $11 18. dxc5 (18. Bxg2 Qxg2 19. Rf1 Nd7 $11) 18... Rg6 19. Qxd5 Bxd5 20. Bb5+ Kd8) 18. f3 (18. dxc5 $14 Bxc5 19. f3 (19. Qxh7 Rg6 $14)) 18... f5 ({Black should try} 18... Ba6 $11 19. Qe4 Qxe4+ 20. Nxe4 Bxf1 21. Kxf1 cxd4 22. Bxd4 Rxa5) 19. dxc5 $1 $14 Bxc5 20. g3 Ke7 21. Qxd5 Bxd5 22. Bc4 Bc6 23. Ke2 f4 24. g4 h5 25. h3 f5 26. Nb3 Be3 {Strongly threatening ...Rac8.} 27. Rbd1 Rac8 {aiming for ...Ba4.} 28. Bb4+ $2 {[%mdl 8192]} (28. Nd4 $11) 28... Kf6 $19 {...Ne5 is the strong threat. Really sharp!} 29. Ba6 $2 (29. Bc3+ {was necessary.} Ne5 30. Bxe5+ Kxe5 31. Nd2) 29... Ne5 30. Rhf1 hxg4 31. fxg4 fxg4 32. hxg4 Rxg4 {White must now prevent ...Rg2+.} 33. Bxc8 $2 (33. Nd4 Bxd4 34. Rxd4) 33... Bb5+ 34. Ke1 {[#]} Nf3+ $1 {[%mdl 576] Deflection, Back Rank.  Weighted Error Value: White=0.74/Black=0.23 (precise)} 0-1

[Event "Vezerkepzo GM March 2022"]
[Site "Budapest"]
[Date "2022.03.23"]
[Round "6.1"]
[White "Ilincic, Zlatko"]
[Black "Rathanvel, V S"]
[Result "1/2-1/2"]
[WhiteElo "2331"]
[BlackElo "2477"]
[Annotator "RC"]
[PlyCount "50"]
[EventDate "2022.03.17"]
[EventType "tourn"]
[EventCountry "HUN"]
[SourceTitle "playchess.com"]
[Source "ChessBase"]
[SourceQuality "1"]
[TimeControl "40/5400+30:1800+30"]

1. d4 {[%emt 0:00:06]} d5 {[%emt 0:00:31]} 2. c4 {[%emt 0:00:19]} e6 {[%emt 0:00:08]} 3. g3 {[%emt 0:00:29]} Nf6 {[%emt 0:03:34]} 4. Bg2 {[%emt 0:00:15]} c6 {[%emt 0:01:07]} 5. Qc2 {[%emt 0:01:55]} Be7 {[%emt 0:04:19]} 6. Nd2 {[%emt 0:00:39]} dxc4 {[%emt 0:04:50]} 7. Qxc4 {[%emt 0:00:45]} b5 {[%emt 0:00:35]} 8. Qd3 {[%emt 0:05:22]} O-O {[%emt 0:09:12]} 9. Ngf3 {[%emt 0:04:09]} Bb7 {[%emt 0:09:20]} 10. Ne5 {[%emt 0:13:46]} Qb6 {[%emt 0:04:15]} 11. O-O {[%emt 0:09:02]} Nbd7 {[%emt 0:05:34]} 12. Nxd7 {[%emt 0:07:11]} Nxd7 {[%emt 0:00:06]} 13. Nb3 {[%emt 0:00:15]} c5 {[%emt 0:22:10]} 14. Bxb7 {[%emt 0:00:27]} Qxb7 {[%emt 0:00:04]} 15. dxc5 {[%emt 0:00:13]} Nxc5 {[%emt 0:01:17]} 16. Nxc5 {[%emt 0:00:11]} Bxc5 {[%emt 0:00:06]} 17. Be3 {[%emt 0:00:10]} Rfd8 {[%emt 0:01:08]} 18. Qb3 {[%emt 0:00:12]} Bxe3 {[%emt 0:02:23]} 19. Qxe3 {[%emt 0:00:15]} Rd5 {[%emt 0:04:47]} 20. Rfd1 {[%emt 0:00:36]} Rad8 {[%emt 0:04:00]} 21. Rxd5 {[%emt 0:00:21]} Rxd5 {[%emt 0:00:05]} 22. Rc1 {[%emt 0:00:56]} h6 {[%emt 0:05:11]} 23. b4 {[%emt 0:00:25]} Qd7 {[%emt 0:01:10]} 24. a3 {[%emt 0:01:05]} Rd2 {[%emt 0:01:15]} 25. h4 {[%emt 0:00:54]} Rd1+ {[%emt 0:11:06]} 1/2-1/2

[Event "Vezerkepzo GM March 2022"]
[Site "Budapest"]
[Date "2022.03.23"]
[Round "6.2"]
[White "Pranav Anand"]
[Black "Kulkarni Bhakti"]
[Result "1/2-1/2"]
[WhiteElo "2436"]
[BlackElo "2388"]
[Annotator "NA RC"]
[PlyCount "61"]
[EventDate "2022.03.17"]
[EventType "tourn"]
[EventCountry "HUN"]
[SourceTitle "playchess.com"]
[Source "ChessBase"]
[SourceQuality "1"]
[TimeControl "40/5400+30:1800+30"]

{[%evp 12,55,48,32767,32767,32767,32767,32767,32767,32767,32767,32767,32767,16,2,12,48,32767,32767,-15,32767,32767,32767,32767,-42,-48,-37,-63,0,0,40,47,48,0,0,-63,0,0,10,6,7,11,13,0,9,0]} 1. d4 {[%emt 0:00:07]} Nf6 {[%emt 0:00:17]} 2. c4 {[%emt 0:00:07]} g6 {[%emt 0:00:22]} 3. h4 {[%emt 0:00:17]} Bg7 {[%emt 0:02:42]} 4. Nc3 {[%emt 0:00:11]} d6 {[%emt 0:02:31]} 5. e4 {[%emt 0:00:15]} O-O {[%emt 0:04:40]} 6. Be2 {[%emt 0:00:08]} c5 {[%emt 0:07:18] 6...c5 scores better than 6...h5.} 7. d5 {[%emt 0:00:08]} b5 {[%emt 0:00:57]} 8. cxb5 {[%emt 0:00:04]} a6 {[%emt 0:00:10]} 9. a4 {[%emt 0:00:44]} axb5 {[%emt 0:00:49]} 10. Bxb5 {[%emt 0:00:02]} Ba6 {[%emt 0:00:35]} 11. Bd2 {[%emt 0:00:59] [#]} e6 $146 {[%emt 0:02:54]} ({Predecessor:} 11... Bxb5 12. axb5 Nbd7 13. Nf3 Rxa1 14. Qxa1 Qb6 15. O-O Rb8 16. Qa6 Ne8 17. Ra1 Kf8 {1-0 (31) Vachier Lagrave,M (2751)-Svidler,P (2714) Saint Louis 2021}) 12. Nge2 {[%emt 0:19:23]} (12. dxe6 $16 fxe6 13. Nf3) 12... exd5 {[%emt 0:06:36]} 13. exd5 {[%emt 0:00:09]} Qe7 {[%emt 0:06:20]} (13... Nbd7 $11 {deserves consideration.}) 14. Bg5 {[%emt 0:07:29]} h6 {[%emt 0:06:24]} 15. Bf4 {[%emt 0:11:51]} (15. Bxf6 $14 {is superior.} Qxf6 16. h5) 15... Nh5 {[%emt 0:06:02]} 16. Kf1 {[%emt 0:10:17]} Nxf4 {[%emt 0:09:02]} 17. Nxf4 {[%emt 0:01:33]} Bxb5+ {[%emt 0:05:23]} 18. axb5 {[%emt 0:00:11]} Rxa1 {[%emt 0:00:20]} 19. Qxa1 {[%emt 0:00:02]} Re8 {[%emt 0:09:48]} (19... Bxc3 $15 {deserves consideration.} 20. bxc3 Qe4) 20. Rh3 {[%emt 0:06:08]} Qf6 {[%emt 0:01:30]} (20... Be5 $11 21. Nd3 Bd4) 21. Nfe2 $1 {[%emt 0:02:30]} Nd7 {[%emt 0:03:11]} 22. Kg1 {[%emt 0:07:51]} (22. Qa7 $14 {is more appropriate.} Qd8 23. h5) 22... Qf5 {[%emt 0:02:02]} 23. Qd1 {[%emt 0:08:19]} (23. Qc1 $11) 23... Ne5 {[%emt 0:02:36]} (23... Qg4 $17 24. Qd2 Ra8) 24. Re3 {[%emt 0:02:35]} Ra8 {[%emt 0:01:40]} 25. Re4 {[%emt 0:01:03]} h5 {[%emt 0:01:51]} 26. Rf4 {[%emt 0:03:01]} Qd7 {[%emt 0:00:23]} 27. Ra4 {[%emt 0:03:29]} Rb8 {[%emt 0:01:38]} 28. Re4 $11 {[%emt 0:07:39]} Ra8 {[%emt 0:01:38]} 29. Ra4 {[%emt 0:01:15]} Rb8 {[%emt 0:00:12]} 30. Re4 {[%emt 0:00:09]} Ra8 {[%emt 0:07:06]} 31. Ra4 {[%emt 0:03:53]} 1/2-1/2

[Event "Vezerkepzo GM March 2022"]
[Site "Budapest"]
[Date "2022.03.23"]
[Round "6.3"]
[White "Prraneeth Vuppala"]
[Black "Seres, Lajos"]
[Result "1-0"]
[WhiteElo "2400"]
[BlackElo "2387"]
[Annotator "TA"]
[PlyCount "41"]
[EventDate "2022.03.17"]
[EventType "tourn"]
[EventCountry "HUN"]
[SourceTitle "playchess.com"]
[Source "ChessBase"]
[SourceQuality "1"]

{[%evp 12,41,0,0,0,0,0,0,16,-11,80,86,80,14,181,172,508,505,506,518,526,523,506,515,502,474,472,472,574,530,997,981]} 1. e4 e5 2. Nf3 Nf6 3. d4 Nxe4 4. Bd3 d5 5. Nxe5 Nd7 6. Nc3 Nxe5 7. dxe5 Bb4 {C43: Petroff Defence: 3 d4.} 8. O-O Nxc3 9. bxc3 Bxc3 {The position is equal.} 10. Rb1 c5 (10... O-O $11 {keeps the balance.}) 11. Bb5+ $16 {[%mdl 1024] White has strong compensation.} Bd7 {[#]} 12. Qg4 $146 (12. Bg5 $16 Qc7 13. Qxd5 Bxb5 14. Rxb5 Qxe5 15. Qxc5 Qxc5 16. Rxc5) ({Predecessor:} 12. Bg5 Qc7 13. Qxd5 Bxb5 14. Rxb5 Qxe5 15. Qxc5 Qxc5 16. Rxc5 h6 17. Bf4 Bf6 18. Bd6 Kd7 19. Rd1 Rhc8 20. Bb8+ {1-0 (20) Tomczak,J (2556)-Przybylski,W (2330) Police 2012}) 12... g6 $2 {This costs Black the game.} (12... Bxb5 $2 13. Qxg7 Rf8 14. Bh6 $18 (14. Rxb5 Qe7 $18)) (12... Qc7 $1 $11 {and Black has nothing to worry.}) 13. Bg5 $36 {[%mdl 2048] White is on the roll.} Qc8 (13... Qc7 {is tougher.}) 14. Qf3 {[%csl LRc3,LRd5] White is clearly winning.} Bxb5 {[#]} 15. Qf6 $1 {[%csl Gg5][%cal Rf6e7]} ({Not} 15. Rxb5 Qc6 $16) 15... O-O 16. Bh6 {[%csl Gh6][%cal Rf6g7]} Bxe5 17. Qxe5 {[%csl Gh6][%cal Re5g7]} f6 18. Qxd5+ Rf7 19. Rxb5 {[#] Hoping for Rd1.} b6 20. Rd1 {And now Rb3 would win.} Qe8 21. Rb3 {Weighted Error Value: White=0.12 (very precise) /Black=0.87} 1-0

[Event "Vezerkepzo GM March 2022"]
[Site "Budapest"]
[Date "2022.03.23"]
[Round "6.4"]
[White "Vantika Agrawal"]
[Black "Csiki, Endre"]
[Result "1/2-1/2"]
[WhiteElo "2381"]
[BlackElo "2320"]
[Annotator "ChessBase"]
[PlyCount "47"]
[EventDate "2022.03.17"]
[EventType "tourn"]
[EventCountry "HUN"]
[SourceTitle "playchess.com"]
[Source "ChessBase"]
[SourceQuality "1"]
[TimeControl "40/5400+30:1800+30"]

1. Nf3 {[%emt 0:01:06]} d5 {[%emt 0:01:19]} 2. g3 {[%emt 0:00:17]} g6 {[%emt 0:00:05]} 3. Bg2 {[%emt 0:00:30]} Bg7 {[%emt 0:00:04]} 4. d4 {[%emt 0:00:22]} Nf6 {[%emt 0:00:09]} 5. O-O {[%emt 0:00:31]} O-O {[%emt 0:00:09]} 6. c4 {[%emt 0:00:51]} Nc6 {[%emt 0:00:04]} 7. Nbd2 {[%emt 0:02:43]} Be6 {[%emt 0:00:53]} 8. e3 {[%emt 0:25:05]} dxc4 {[%emt 0:07:09]} 9. Ng5 {[%emt 0:02:03]} Bg4 {[%emt 0:21:28]} 10. f3 {[%emt 0:02:03]} Bc8 {[%emt 0:14:32]} 11. Nxc4 {[%emt 0:25:29]} Qd5 {[%emt 0:00:19]} 12. Ne5 {[%emt 0:00:35]} Nxe5 {[%emt 0:00:54]} 13. f4 {[%emt 0:00:23]} Nf3+ {[%emt 0:00:18]} 14. Bxf3 {[%emt 0:01:50]} Qa5 {[%emt 0:06:20]} 15. Bd2 {[%emt 0:11:13]} Qb6 {[%emt 0:00:07]} 16. Qb3 {[%emt 0:03:55]} h6 {[%emt 0:13:42]} 17. Ne4 {[%emt 0:00:28]} Nxe4 {[%emt 0:00:14]} 18. Bxe4 {[%emt 0:00:24]} Rd8 {[%emt 0:06:33]} 19. Bc3 {[%emt 0:12:15]} Be6 {[%emt 0:05:12]} 20. Qxb6 {[%emt 0:01:38]} axb6 {[%emt 0:00:04]} 21. Bxb7 {[%emt 0:01:20]} Rxa2 {[%emt 0:01:42]} 22. Rxa2 {[%emt 0:01:13]} Bxa2 {[%emt 0:00:12]} 23. Ra1 {[%emt 0:01:07]} Be6 {[%emt 0:01:02]} 24. Bc6 {[%emt 0:03:43]} 1/2-1/2

[Event "Vezerkepzo GM March 2022"]
[Site "Budapest"]
[Date "2022.03.24"]
[Round "7.2"]
[White "Csiki, Endre"]
[Black "Varga, Zoltan"]
[Result "1-0"]
[WhiteElo "2320"]
[BlackElo "2390"]
[Annotator "NA"]
[PlyCount "55"]
[EventDate "2022.03.17"]
[EventType "tourn"]
[EventCountry "HUN"]
[SourceTitle "playchess.com"]
[Source "ChessBase"]
[SourceQuality "1"]
[TimeControl "40/5400+30:1800+30"]

1. e4 {[%emt 0:03:03]} d5 {[%emt 0:11:15]} 2. exd5 {[%emt 0:00:06]} Nf6 {[%emt 0:00:07]} 3. Nf3 {[%emt 0:00:11]} Nxd5 {[%emt 0:00:06]} 4. d4 {[%emt 0:00:20]} Bg4 {[%emt 0:00:23]} 5. c4 {[%emt 0:00:57]} Nb6 {[%emt 0:00:05]} 6. c5 {[%emt 0:16:23]} Nd5 {[%emt 0:07:28] [#]} (6... N6d7 $14) 7. Qb3 $1 {[%emt 0:03:06]} Bc8 {[%emt 0:10:27]} 8. Bc4 {[%emt 0:03:55]} e6 {[%emt 0:02:49]} 9. O-O {[%emt 0:00:49]} Be7 {[%emt 0:00:03]} 10. Nc3 {[%emt 0:11:43]} c6 {[%emt 0:01:38]} 11. Ne4 {[%emt 0:05:23]} O-O {[%emt 0:04:58]} 12. Qd3 {[%emt 0:08:55]} f6 {[%emt 0:02:26]} 13. Bd2 {[%emt 0:02:56]} b6 {[%emt 0:00:02]} 14. Rfe1 {[%emt 0:01:08]} a5 {[%emt 0:01:54]} 15. cxb6 {[%emt 0:02:09]} Qxb6 {[%emt 0:05:23]} 16. b3 {[%emt 0:03:19]} Na6 {[%emt 0:02:06]} 17. a3 $11 {[%emt 0:02:37]} Rd8 {[%emt 0:01:00]} 18. Nc3 {[%emt 0:01:47]} Nac7 {[%emt 0:03:51]} 19. Na4 {[%emt 0:00:49]} Qa7 {[%emt 0:00:49]} 20. Qc2 {[%emt 0:00:53]} Nb5 {[%emt 0:02:46]} 21. Bd3 {[%emt 0:01:50]} Nxa3 {[%emt 0:06:48]} 22. Bxh7+ {[%emt 0:02:25]} Kf8 {[%emt 0:00:01]} 23. Qg6 {[%emt 0:04:06]} Bb4 {[%emt 0:00:04]} 24. Bxb4+ {[%emt 0:07:09]} axb4 {[%emt 0:02:23]} 25. Qh5 {[%emt 0:02:44]} Nf4 {[%emt 0:03:27]} 26. Qh4 {[%emt 0:02:03]} g5 {[%emt 0:00:02]} 27. Nxg5 {[%emt 0:04:15]} Rxd4 {[%emt 0:00:05]} 28. Nxe6+ {[%emt 0:00:44]} 1-0